000 01141cam a2200325 a 4500
001 2095
005 20250813132808.0
020 _a0803730500
020 _a9780439873116
020 _a0142402125
040 _aDLC
_cDLC
_dDLC
_beng
050 0 0 _aPZ7.R39432
_bRe 2005
082 0 0 _a813.6
100 1 _aRichardson, Charisse K.
245 1 4 _aThe real slam dunk /
_cby Charisse K. Richardson ; illustrated by Kadir Nelson.
260 _aNew York :
_bScholastic,
_c2005
300 _a68 pages :
_c20 cm
505 _aK
520 _aTen-year-old Marcus plans to become a professional basketball player, but when he, his twin sister, and their classmates meet a real star on a school field trip, they learn the importance of dreaming more than one career dream.
521 1 _a590
_bLexile
521 1 _aK
_bRaz-Plus
650 1 _aBasketball
_vFiction.
650 1 _aSchool field trips
_vFiction.
650 1 _aRole models
_vFiction.
650 1 _aLife skills
_vFiction.
650 1 _aAfrican Americans
_vFiction.
700 1 _aNelson, Kadir
_eillustator
906 _a7
_bcbc
_corignew
_d1
_eocip
_f20
_gy-gencatlg
942 _2ddc
_cBK
_n0
999 _c2095
_d2095